000 00916nam a22002297a 4500
999 _c63686
_d63686
005 20240530110654.0
008 171216s2016 ua g 000 f ara d
017 _a2016/2841
_bمصر. دار الكتب
020 _a9789777950169
040 _aEG-CaGPL
_cEG-CaGPL
082 0 4 _221
_a839.7\
_bإ ث
100 1 _aايديلستام ؛ ان
245 1 0 _aثلاث سويديات فى القاهرة :
_cرواية /
_bان ايديلستام ؛ ترجمة مروة ابراهيم ادم ؛ تقديم بطرس بطرس غالى .
250 _aط.1
260 _aالقاهرة :
_bالدار المصرية اللبنانية ،
_c2016 .
300 _a607 ص. ؛
_c20 سم.
650 0 7 _2qrmak
_aالقصص السويدية
700 0 _aمروة ابراهيم ادم
_eمترجم
700 0 _aبطرس بطرس غالى
_eمقدم
942 _2ddc
_cBK